Forgáchov palác Také boli, také sú

Bibliographic Details
Format: Article
Language:Slovak
Subjects:

MARC

LEADER 00000nab a2200000 a 4500
001 vtls000917787
003 SK-MaSNL
005 20260303034122.0
008 040720e19920228xo 0 slo
035 |a KE26665 
040 |a KEVKJB  |b slo  |c KEVKJB  |e AACR2 
041 0 |a slo 
044 |a xo  |c SK 
080 |a 943.76.437.671-21  |2 1981 
080 |a 721  |2 1981 
080 |a 904  |2 1981 
245 0 0 |a Forgáchov palác  |b Také boli, také sú 
610 2 7 |a Forgáchov palác (Košice, Slovensko)  |2 KEVKJB  |9 105393 
650 0 7 |a historické stavby  |2 KEVKJB  |9 67644 
651 7 |a Košice (Slovensko)  |2 snkbucl  |9 18694 
773 0 8 |t Košický večer  |g Roč. 3  |g Roč. 28, č.42, 28.2.1992, s. 4 
852 |a ZVYKNI  |b KIS3GCP 
999 |c 1672421  |d 1674351